Vista normal
Vista MARC
Entrada Topical Term
Número de registros utilizados en: 2
001 - CONTROL NUMBER
- control field: 66902
003 - CONTROL NUMBER IDENTIFIER
- control field: OSt
005 - DATE AND TIME OF LATEST TRANSACTION
- control field: 20251107201744.0
008 - FIXED-LENGTH DATA ELEMENTS
- fixed length control field: 251107|| aca||aabn | a|a d
040 ## - CATALOGING SOURCE
- Original cataloging agency: OSt
- Transcribing agency: OSt
150 ## - HEADING--TOPICAL TERM
- Topical term or geographic name entry element: Electrodomésticos
- General subdivision: Mantenimiento y reparación
670 ## - SOURCE DATA FOUND
- Source citation: Work cat.: (OSt)59849: Enríquez Harper, Gilberto aut 28199, Manual de instalación y reparación de aparatos electrodomésticos :